|
|
|
|
| LEADER |
02480nam a2200649 i 4500 |
| 001 |
nkc20152765771 |
| 003 |
CZ PrNK |
| 005 |
20230427115641.0 |
| 007 |
ta |
| 008 |
151216s2016 xr ab f 000 0 cze |
| 015 |
|
|
|a cnb002765771
|
| 020 |
|
|
|a 978-80-200-2573-9
|q (Academia ;
|q brožováno)
|
| 035 |
|
|
|a (OCoLC)1302727040
|
| 040 |
|
|
|a BOA001
|b cze
|e rda
|
| 072 |
|
7 |
|a 504
|x Znečištění a poškození životního prostředí
|2 Konspekt
|9 2
|
| 080 |
|
|
|a 549.291
|2 MRF
|
| 080 |
|
|
|a 502/504
|2 MRF
|
| 080 |
|
|
|a 614
|2 MRF
|
| 080 |
|
|
|a 504.5
|2 MRF
|
| 080 |
|
|
|a 574.4/.5
|2 MRF
|
| 080 |
|
|
|a 502:550.4
|2 MRF
|
| 080 |
|
|
|a 502.171:574.4/.5
|2 MRF
|
| 080 |
|
|
|a (048.8)
|2 MRF
|
| 100 |
1 |
|
|a Navrátil, Tomáš,
|d 1976-
|7 ola2006345405
|4 aut
|
| 245 |
1 |
0 |
|a Rtuť v životním prostředí /
|c Tomáš Navrátil, Jan Rohovec
|
| 250 |
|
|
|a Vydání 1.
|
| 264 |
|
1 |
|a Praha :
|b Středisko společných činností AV ČR, v.v.i., pro Kancelář Akademie věd ČR,
|c 2016
|
| 300 |
|
|
|a 30 stran :
|b barevné ilustrace, 1 mapa ;
|c 21 cm
|
| 336 |
|
|
|a text
|b txt
|2 rdacontent
|
| 337 |
|
|
|a bez média
|b n
|2 rdamedia
|
| 338 |
|
|
|a svazek
|b nc
|2 rdacarrier
|
| 490 |
1 |
|
|a Strategie AV21. Rozmanitost života a zdraví ekosystémů
|
| 500 |
|
|
|a Název z obálky
|
| 504 |
|
|
|a Obsahuje bibliografii
|
| 650 |
0 |
7 |
|a rtuť
|7 ph125284
|x environmentální aspekty
|2 czenas
|
| 650 |
0 |
7 |
|a rtuť
|7 ph125284
|x zdravotní aspekty
|2 czenas
|
| 650 |
0 |
7 |
|a znečišťující látky
|7 ph135507
|2 czenas
|
| 650 |
0 |
7 |
|a potravní řetězce
|7 ph124431
|2 czenas
|
| 650 |
0 |
7 |
|a environmentální geochemie
|7 ph119956
|2 czenas
|
| 650 |
0 |
7 |
|a ochrana ekosystémů
|7 ph162657
|2 czenas
|
| 650 |
0 |
9 |
|a mercury
|x environmental aspects
|2 eczenas
|
| 650 |
0 |
9 |
|a mercury
|x health aspects
|2 eczenas
|
| 650 |
0 |
9 |
|a pollutants
|2 eczenas
|
| 650 |
0 |
9 |
|a food chains (ecology)
|2 eczenas
|
| 650 |
0 |
9 |
|a environmental geochemistry
|2 eczenas
|
| 650 |
0 |
9 |
|a ecosystem management
|2 eczenas
|
| 655 |
|
7 |
|a studie
|7 fd133597
|2 czenas
|
| 655 |
|
9 |
|a studies
|2 eczenas
|
| 700 |
1 |
|
|a Rohovec, Jan,
|d 1971-
|7 xx0009541
|4 aut
|
| 710 |
2 |
|
|a Akademie věd České republiky.
|b Kancelář
|7 ko2005281665
|4 isb
|
| 830 |
|
0 |
|a Strategie AV21.
|p Rozmanitost života a zdraví ekosystémů
|0 s
|
| 910 |
2 |
|
|a BOA001
|b 2-1466.430
|
| 928 |
9 |
|
|a Akademie věd ČR, Středisko společných činností
|
| 990 |
|
|
|a BK
|
| 995 |
|
|
|a 01
|
| 991 |
|
|
|b 202109
|c NOV
|
| 996 |
6 |
|
|b 2610870571
|c 2-1466.430
|l MZK
|r Sklad / do 1 hodiny
|n 2
|p dar
|w 001856105
|u 000010
|a 1
|e BOA001
|j MZK50
|s P
|